Estatísticas para Os 15 principais países afetados pela Covid-19 - 11 de agosto 2021

Clique aqui para jogar o quiz

Estatísticas Gerais

  • Esse quiz foi jogado 25 vezes
  • A pontuação média é 14 de 27

Estatísticas das Respostas

país% Correto
Brasil
100%
Estados Unidos
100%
França
100%
México
100%
Argentina
96%
Índia
91%
Espanha
87%
Itália
87%
Alemanha
83%
Rússia
83%
Colômbia
78%
Reino Unido
78%
Indonésia
70%
Bélgica
48%
Irão
48%
Turquia
48%
Países Baixos
43%
Suécia
22%
Chéquia
17%
Israel
13%
Uruguai
13%
Eslovénia
9%
Estônia
9%
Geórgia
9%
Lituânia
9%
Bahrein
4%
Panamá
4%

Distribuição das Pontuações

Percentil de Números Respondidos

Porcentagem de Pessoas com Cada Pontuação

Sua Pontuação Histórica

Você não jogou esse quiz